Virginia Woolf y un viejo tema : La mujer /
Збережено в:
| Автор: | |
|---|---|
| Формат: | Невідомо |
| Мова: | Spanish |
| Предмети: | |
| Теги: |
Додати тег
Немає тегів, Будьте першим, хто поставить тег для цього запису!
|
MARC
| LEADER | 000000000a22000000004500 | ||
|---|---|---|---|
| 001 | 006287 | ||
| 041 | 0 | |a spa | |
| 100 | 1 | |a Guzmán Muñoz, María del Socorro | |
| 245 | 1 | 0 | |a Virginia Woolf y un viejo tema : |b La mujer / |c María del Socorro Guzmán Muñoz. |
| 650 | 4 | |a NOVELA | |
| 650 | 4 | |a WOOLF, VIRGINIA | |
| 650 | 4 | |a LITERATURA FEMENINA | |
| 773 | 0 | |d México : La Universidad |t Esfera : Revista Cultural de la Universidad de Guadalajara |g volumen 16, número 3 (1985), páginas 57-60 | |
| 942 | |c ARC | ||
| 999 | |c 12828 |d 12828 | ||
